| 000 | 00533nam a22001937a 4500 | ||
|---|---|---|---|
| 003 | NUST - PNEC | ||
| 005 | 20170116180800.0 | ||
| 008 | 150413b xxu||||| |||| 00| 0 eng d | ||
| 020 | _a- | ||
| 040 | _cLIBRARY | ||
| 082 | _a297 WAK | ||
| 100 |
_92427 _aWakf Aisha Bawany |
||
| 245 |
_aIslam: An introduction _cAisha Bawany Wakf |
||
| 260 |
_aKarachi _b- _cc1976. |
||
| 300 | _a108 p. : | ||
| 650 |
_92420 _aIslam _xGeneral, Islam |
||
| 856 | _uhttp://www.amazon.com/Islam-Begum-Aisha-Bawany-Wakf/dp/B0007JXLWI | ||
| 942 |
_2ddc _cBK |
||
| 999 |
_c62906 _d62906 |
||